[Event "Stay Safe Play From Home 406"]
[Site "Emanuel Lasker Arena"]
[Date "2020.08.24"]
[Round "6"]
[White "AgentsofShield"]
[Black "MihailoVujic"]
[Result "0-1"]
[WhiteElo "1939"]
[BlackElo "2210"]
[PlyCount "98"]
[EventDate "2020.08.24"]
[EventType "swiss (blitz)"]

1. Nf3 {[%emt 0:00:02]} Nc6 {[%emt 0:00:01]} 2. g3 {[%emt 0:00:00]} e5 {[%emt 0:00:01]} 3. Bg2 {[%emt 0:00:00]} d5 {[%emt 0:00:01]} 4. d3 {[%emt 0:00:00]} Nf6 {[%emt 0:00:02]} 5. Nbd2 {[%emt 0:00:00]} Be7 {[%emt 0:00:02]} 6. e4 {[%emt 0:00:01]} dxe4 {[%emt 0:00:01]} 7. dxe4 {[%emt 0:00:00]} Be6 {[%emt 0:00:01]} 8. c3 {[%emt 0:00:02]} Qd7 {[%emt 0:00:02]} 9. h3 {[%emt 0:00:04]} O-O-O {[%emt 0:00:00]} 10. Ng5 {[%emt 0:00:00]} Bc5 {[%emt 0:00:02]} 11. Nxe6 {[%emt 0:00:01]} Qxe6 {[%emt 0:00:01]} 12. Qe2 {[%emt 0:00:00]} h5 {[%emt 0:00:02]} 13. h4 {[%emt 0:00:01]} Ng4 {[%emt 0:00:02]} 14. O-O {[%emt 0:00:02]} g5 {[%emt 0:00:02]} 15. hxg5 {[%emt 0:00:03]} h4 {[%emt 0:00:01]} 16. Bh3 {[%emt 0:00:01]} Qg6 {[%emt 0:00:07]} 17. Qxg4+ {[%emt 0:00:05]} Kb8 {[%emt 0:00:00]} 18. Nb3 {[%emt 0:00:05]} Bb6 {[%emt 0:00:02]} 19. Kg2 {[%emt 0:00:08]} hxg3 {[%emt 0:00:01]} 20. fxg3 {[%emt 0:00:02]} Rh5 {[%emt 0:00:01]} 21. Rf6 {[%emt 0:00:04]} Qh7 {[%emt 0:00:02]} 22. Bd2 {[%emt 0:00:03]} Rh8 {[%emt 0:00:00]} 23. Rh1 {[%emt 0:00:01]} Ne7 {[%emt 0:00:04]} 24. Rh6 {[%emt 0:00:01]} Rxh6 {[%emt 0:00:02]} 25. gxh6 {[%emt 0:00:00]} Ng6 {[%emt 0:00:00]} 26. Qf3 {[%emt 0:00:02]} Rg8 {[%emt 0:00:00]} 27. Bf5 {[%emt 0:00:01]} Qh8 {[%emt 0:00:03]} 28. g4 {[%emt 0:00:02]} Ne7 {[%emt 0:00:01]} 29. Kf1 {[%emt 0:00:02]} f6 {[%emt 0:00:01]} 30. Ke2 {[%emt 0:00:01]} Rd8 {[%emt 0:00:01]} 31. Be3 {[%emt 0:00:01]} Qe8 {[%emt 0:00:01]} 32. Bxb6 {[%emt 0:00:01]} axb6 {[%emt 0:00:00]} 33. Qe3 {[%emt 0:00:00]} Nc6 {[%emt 0:00:01]} 34. c4 {[%emt 0:00:01]} Nd4+ {[%emt 0:00:02]} 35. Nxd4 {[%emt 0:00:00]} exd4 {[%emt 0:00:00]} 36. Qd3 {[%emt 0:00:01]} Qe5 {[%emt 0:00:01]} 37. b3 {[%emt 0:00:00]} Qf4 {[%emt 0:00:01]} 38. Rh3 {[%emt 0:00:00]} Qg5 {[%emt 0:00:01]} 39. h7 {[%emt 0:00:00]} Rh8 {[%emt 0:00:01]} 40. Qd2 {[%emt 0:00:00]} Qxd2+ {[%emt 0:00:01]} 41. Kxd2 {[%emt 0:00:00]} c5 {[%emt 0:00:00]} 42. Kd3 {[%emt 0:00:00]} Kc7 {[%emt 0:00:00]} 43. Rh6 {[%emt 0:00:01]} Kd6 {[%emt 0:00:00]} 44. Rxf6+ {[%emt 0:00:00]} Ke5 {[%emt 0:00:00]} 45. Rg6 {[%emt 0:00:00]} Kf4 {[%emt 0:00:00]} 46. Re6 {[%emt 0:00:00]} Rxh7 {[%emt 0:00:00]} 47. Rg6 {[%emt 0:00:00]} Rh3+ {[%emt 0:00:00]} 48. Kc2 {[%emt 0:00:00]} Rh1 {[%emt 0:00:00]} 49. Kb2 {[%emt 0:00:01]} Rh2+ {[%emt 0:00:00] Time Time Time (Lag: Av=0.89s, max=1.6s) (Lag: Av=0.89s, max=1.6s) (Lag: Av=0.89s, max=1.6s)} 0-1

[Event "Stay Safe Play From Home 406"]
[Site "Emanuel Lasker Arena"]
[Date "2020.08.24"]
[Round "6"]
[White "Lazieri3"]
[Black "theCHESSHOUSE"]
[Result "0-1"]
[WhiteElo "1937"]
[BlackElo "2056"]
[PlyCount "90"]
[EventDate "2020.08.24"]
[EventType "swiss (blitz)"]

1. e4 {[%emt 0:00:01]} c6 {[%emt 0:00:01]} 2. Nc3 {[%emt 0:00:00]} d5 {[%emt 0:00:00]} 3. d4 {[%emt 0:00:00]} dxe4 {[%emt 0:00:01]} 4. Nxe4 {[%emt 0:00:00]} Nf6 {[%emt 0:00:00]} 5. Nxf6+ {[%emt 0:00:00]} exf6 {[%emt 0:00:00]} 6. c3 {[%emt 0:00:00]} Bd6 {[%emt 0:00:01]} 7. Nf3 {[%emt 0:00:00]} O-O {[%emt 0:00:00]} 8. Be3 {[%emt 0:00:01]} Bf5 {[%emt 0:00:01]} 9. Be2 {[%emt 0:00:00]} Re8 {[%emt 0:00:01]} 10. O-O {[%emt 0:00:00]} Nd7 {[%emt 0:00:00]} 11. h3 {[%emt 0:00:01]} Qb6 {[%emt 0:00:02]} 12. b3 {[%emt 0:00:02]} Qc7 {[%emt 0:00:01]} 13. Bd3 {[%emt 0:00:01]} Bg6 {[%emt 0:00:01]} 14. Bxg6 {[%emt 0:00:02]} hxg6 {[%emt 0:00:00]} 15. Re1 {[%emt 0:00:01]} Rad8 {[%emt 0:00:01]} 16. Qc2 {[%emt 0:00:01]} c5 {[%emt 0:00:01]} 17. dxc5 {[%emt 0:00:01]} Nxc5 {[%emt 0:00:00]} 18. Bxc5 {[%emt 0:00:01]} Bxc5 {[%emt 0:00:00]} 19. Rad1 {[%emt 0:00:02]} Qb6 {[%emt 0:00:02]} 20. Rxe8+ {[%emt 0:00:03]} Rxe8 {[%emt 0:00:00]} 21. b4 {[%emt 0:00:02]} Bf8 {[%emt 0:00:02]} 22. a4 {[%emt 0:00:01]} Rc8 {[%emt 0:00:01]} 23. Qd3 {[%emt 0:00:04]} a6 {[%emt 0:00:02]} 24. a5 {[%emt 0:00:01]} Qe6 {[%emt 0:00:02]} 25. Nd4 {[%emt 0:00:03]} Qa2 {[%emt 0:00:02]} 26. Rd2 {[%emt 0:00:04]} Qa1+ {[%emt 0:00:01]} 27. Rd1 {[%emt 0:00:01]} Qxc3 {[%emt 0:00:01]} 28. Qxc3 {[%emt 0:00:01]} Rxc3 {[%emt 0:00:00]} 29. b5 {[%emt 0:00:01]} axb5 {[%emt 0:00:02]} 30. Nxb5 {[%emt 0:00:00]} Rc5 {[%emt 0:00:01]} 31. Rb1 {[%emt 0:00:05]} g5 {[%emt 0:00:03]} 32. Nd4 {[%emt 0:00:02]} Rxa5 {[%emt 0:00:01]} 33. Rxb7 {[%emt 0:00:01]} Bc5 {[%emt 0:00:01]} 34. Rb8+ {[%emt 0:00:07]} Kh7 {[%emt 0:00:02]} 35. Nb3 {[%emt 0:00:01]} Bd6 {[%emt 0:00:04]} 36. Nxa5 {[%emt 0:00:04]} Bxb8 {[%emt 0:00:01]} 37. Nc4 {[%emt 0:00:00]} Ba7 {[%emt 0:00:01]} 38. g4 {[%emt 0:00:01]} Kg6 {[%emt 0:00:02]} 39. Kg2 {[%emt 0:00:00]} Bb8 {[%emt 0:00:01]} 40. Ne3 {[%emt 0:00:01]} Bc7 {[%emt 0:00:02]} 41. Nf5 {[%emt 0:00:01]} Kh7 {[%emt 0:00:01]} 42. Ne7 {[%emt 0:00:01]} g6 {[%emt 0:00:01]} 43. Nd5 {[%emt 0:00:00]} Be5 {[%emt 0:00:00]} 44. Ne3 {[%emt 0:00:01]} Kg7 {[%emt 0:00:01]} 45. Nd5 {[%emt 0:00:01]} Bd4 {[%emt 0:00:00] Time Time Time (Lag: Av=0.76s, max=2.0s) (Lag: Av=0.76s, max=2.0s) (Lag: Av=0.76s, max=2.0s)} 0-1

[Event "Stay Safe Play From Home 406"]
[Site "Emanuel Lasker Arena"]
[Date "2020.08.24"]
[Round "6"]
[White "Greblah"]
[Black "Klasman"]
[Result "1-0"]
[WhiteElo "1865"]
[BlackElo "1282"]
[Annotator "NA"]
[PlyCount "63"]
[EventDate "2020.08.24"]
[EventType "swiss (blitz)"]

1. e4 {[%emt 0:00:01]} f5 {[%emt 0:00:01]} 2. exf5 {[%emt 0:00:02]} Nf6 {[%emt 0:00:01]} 3. Nc3 {[%emt 0:00:00]} d5 {[%emt 0:00:01]} 4. Be2 {[%emt 0:00:00]} d4 {[%emt 0:00:02]} 5. Nb1 {[%emt 0:00:01]} Bxf5 {[%emt 0:00:02]} 6. d3 {[%emt 0:00:00]} e5 {[%emt 0:00:02]} 7. Bg5 {[%emt 0:00:01]} c5 {[%emt 0:00:03]} 8. Nd2 {[%emt 0:00:01]} Nc6 {[%emt 0:00:01]} 9. Ngf3 {[%emt 0:00:01]} Bd6 {[%emt 0:00:02]} 10. Ne4 {[%emt 0:00:02]} Bxe4 {[%emt 0:00:03]} 11. dxe4 {[%emt 0:00:00]} O-O {[%emt 0:00:02]} 12. Bxf6 {[%emt 0:00:01]} Qxf6 {[%emt 0:00:02]} 13. O-O {[%emt 0:00:00]} g5 {[%emt 0:00:01]} 14. Bc4+ {[%emt 0:00:01]} Kh8 {[%emt 0:00:02]} 15. Nd2 {[%emt 0:00:01]} Rg8 {[%emt 0:00:02]} 16. Qg4 {[%emt 0:00:01]} Rg6 {[%emt 0:00:02]} 17. f3 {[%emt 0:00:02]} h5 {[%emt 0:00:03]} 18. Qxh5+ {[%emt 0:00:01]} Rh6 {[%emt 0:00:01]} 19. Qg4 {[%emt 0:00:01]} Re8 {[%emt 0:00:05]} 20. Qf5 {[%emt 0:00:01]} Qxf5 {[%emt 0:00:02]} 21. exf5 {[%emt 0:00:01]} Re7 {[%emt 0:00:02]} 22. Ne4 {[%emt 0:00:01]} Reh7 {[%emt 0:00:01]} 23. h3 {[%emt 0:00:02]} Na5 {[%emt 0:00:06]} 24. Be6 {[%emt 0:00:02]} c4 {[%emt 0:00:02]} 25. Nxg5 {[%emt 0:00:01]} Rg7 {[%emt 0:00:02]} 26. Nf7+ {[%emt 0:00:01]} Kh7 {[%emt 0:00:02]} 27. Nxh6 {[%emt 0:00:01]} Kxh6 {[%emt 0:00:01]} 28. g4 {[%emt 0:00:00]} Be7 {[%emt 0:00:04]} 29. Rad1 {[%emt 0:00:02]} Bf6 {[%emt 0:00:01]} 30. Rfe1 {[%emt 0:00:01]} b5 {[%emt 0:00:01]} 31. a3 {[%emt 0:00:01]} Nc6 {[%emt 0:00:01]} 32. Bd5 {[%emt 0:00:02] Time Time Time (Lag: Av=0.43s, max=0.8s) (Lag: Av=0.43s, max=0.8s) (Lag: Av=0.43s, max=0.8s)} 1-0

[Event "Stay Safe Play From Home 406"]
[Site "Emanuel Lasker Arena"]
[Date "2020.08.24"]
[Round "6"]
[White "Mvali"]
[Black "KING o KONG"]
[Result "0-1"]
[WhiteElo "1151"]
[BlackElo "976"]
[Annotator "NA"]
[PlyCount "24"]
[EventDate "2020.08.24"]
[EventType "swiss (blitz)"]

1. e4 {[%emt 0:00:05]} e6 {[%emt 0:00:01]} 2. d4 {[%emt 0:00:04]} d6 {[%emt 0:00:01]} 3. c4 {[%emt 0:00:02]} b6 {[%emt 0:00:01]} 4. a4 {[%emt 0:00:03]} Nh6 {[%emt 0:00:01]} 5. Bxh6 {[%emt 0:00:06]} gxh6 {[%emt 0:00:02]} 6. Nf3 {[%emt 0:00:03]} Be7 {[%emt 0:00:01]} 7. Be2 {[%emt 0:00:02]} Bb7 {[%emt 0:00:01]} 8. O-O {[%emt 0:00:02]} Bxe4 {[%emt 0:00:01]} 9. Nh4 {[%emt 0:00:09]} Bxg2 {[%emt 0:00:02]} 10. Bf3 {[%emt 0:00:07]} Bxh4 {[%emt 0:00:01]} 11. Bxg2 {[%emt 0:00:03]} Qg5 {[%emt 0:00:04]} 12. Qf3 {[%emt 0:00:15] . . .} Rg8 {[%emt 0:00:02] TimeW TimeW TimeW} 0-1

[Event "Stay Safe Play From Home 406"]
[Site "Emanuel Lasker Arena"]
[Date "2020.08.24"]
[Round "7"]
[White "NTBT_DHS"]
[Black "AChessPlayer"]
[Result "1-0"]
[WhiteElo "2548"]
[BlackElo "2409"]
[PlyCount "67"]
[EventDate "2020.08.24"]
[EventType "swiss (blitz)"]

1. d4 {[%emt 0:00:01]} Nf6 {[%emt 0:00:01]} 2. Nc3 {[%emt 0:00:00]} e6 {[%emt 0:00:00]} 3. Bg5 {[%emt 0:00:00]} d5 {[%emt 0:00:00]} 4. e4 {[%emt 0:00:00]} dxe4 {[%emt 0:00:01]} 5. Nxe4 {[%emt 0:00:00]} Be7 {[%emt 0:00:00]} 6. Nxf6+ {[%emt 0:00:01]} Bxf6 {[%emt 0:00:00]} 7. Bxf6 {[%emt 0:00:00]} Qxf6 {[%emt 0:00:00]} 8. Nf3 {[%emt 0:00:00]} O-O {[%emt 0:00:00]} 9. Bd3 {[%emt 0:00:00]} c6 {[%emt 0:00:02]} 10. Qd2 {[%emt 0:00:01]} Rd8 {[%emt 0:00:01]} 11. O-O-O {[%emt 0:00:01]} Bd7 {[%emt 0:00:00]} 12. Ne5 {[%emt 0:00:01]} Be8 {[%emt 0:00:01]} 13. g4 {[%emt 0:00:00]} Nd7 {[%emt 0:00:01]} 14. f4 {[%emt 0:00:01]} c5 {[%emt 0:00:03]} 15. g5 {[%emt 0:00:02]} Qe7 {[%emt 0:00:01]} 16. Ng4 {[%emt 0:00:07]} cxd4 {[%emt 0:00:02]} 17. h4 {[%emt 0:00:00]} Nc5 {[%emt 0:00:01]} 18. h5 {[%emt 0:00:01]} Nxd3+ {[%emt 0:00:01]} 19. Qxd3 {[%emt 0:00:01]} Bc6 {[%emt 0:00:02]} 20. Rhe1 {[%emt 0:00:02]} Rac8 {[%emt 0:00:02]} 21. h6 {[%emt 0:00:02]} g6 {[%emt 0:00:01]} 22. Re5 {[%emt 0:00:03]} Qc7 {[%emt 0:00:03]} 23. Rd2 {[%emt 0:00:03]} b6 {[%emt 0:00:02]} 24. b3 {[%emt 0:00:00]} Qd6 {[%emt 0:00:01]} 25. Kb2 {[%emt 0:00:01]} Be8 {[%emt 0:00:02]} 26. Re4 {[%emt 0:00:02]} Qc6 {[%emt 0:00:04]} 27. Nf6+ {[%emt 0:00:01]} Kh8 {[%emt 0:00:01]} 28. Rxd4 {[%emt 0:00:00]} Rxd4 {[%emt 0:00:15]} 29. Qxd4 {[%emt 0:00:00]} e5 {[%emt 0:00:00]} 30. Qxe5 {[%emt 0:00:02]} Qe6 {[%emt 0:00:00]} 31. Qxe6 {[%emt 0:00:03]} fxe6 {[%emt 0:00:00]} 32. Rd6 {[%emt 0:00:02]} a5 {[%emt 0:00:01]} 33. Rxe6 {[%emt 0:00:01]} Bb5 {[%emt 0:00:01]} 34. Re7 {[%emt 0:00:01] AChessPlayer resigns AChessPlayer resigns AChessPlayer resigns (Lag: Av=0.78s, max=1.8s) (Lag: Av=0.78s, max=1.8s) (Lag: Av=0.78s, max=1.8s)} 1-0

[Event "Stay Safe Play From Home 406"]
[Site "Emanuel Lasker Arena"]
[Date "2020.08.24"]
[Round "7"]
[White "Tran Minh Thang"]
[Black "Nguyen Hong Anh"]
[Result "0-1"]
[WhiteElo "2464"]
[BlackElo "2277"]
[PlyCount "88"]
[EventDate "2020.08.24"]
[EventType "swiss (blitz)"]

1. Nf3 {[%emt 0:00:02]} c5 {[%emt 0:00:01]} 2. e3 {[%emt 0:00:00]} Nc6 {[%emt 0:00:00]} 3. b3 {[%emt 0:00:00]} d5 {[%emt 0:00:01]} 4. Bb2 {[%emt 0:00:00]} Nf6 {[%emt 0:00:01]} 5. Bb5 {[%emt 0:00:02]} g6 {[%emt 0:00:01]} 6. Bxf6 {[%emt 0:00:03]} exf6 {[%emt 0:00:01]} 7. O-O {[%emt 0:00:00]} Bg7 {[%emt 0:00:01]} 8. c4 {[%emt 0:00:01]} O-O {[%emt 0:00:01]} 9. cxd5 {[%emt 0:00:01]} Qxd5 {[%emt 0:00:01]} 10. Nc3 {[%emt 0:00:00]} Qd6 {[%emt 0:00:01]} 11. Rc1 {[%emt 0:00:02]} f5 {[%emt 0:00:01]} 12. Bxc6 {[%emt 0:00:03]} bxc6 {[%emt 0:00:02]} 13. Na4 {[%emt 0:00:01]} Ba6 {[%emt 0:00:01]} 14. Re1 {[%emt 0:00:01]} c4 {[%emt 0:00:02]} 15. bxc4 {[%emt 0:00:01]} c5 {[%emt 0:00:01]} 16. d4 {[%emt 0:00:04]} cxd4 {[%emt 0:00:01]} 17. exd4 {[%emt 0:00:03]} Rac8 {[%emt 0:00:01]} 18. Nc5 {[%emt 0:00:04]} Rxc5 {[%emt 0:00:10]} 19. dxc5 {[%emt 0:00:01]} Qxc5 {[%emt 0:00:01]} 20. Qa4 {[%emt 0:00:01]} Bb7 {[%emt 0:00:01]} 21. Qb3 {[%emt 0:00:02]} Be4 {[%emt 0:00:02]} 22. Qe3 {[%emt 0:00:06]} Qa5 {[%emt 0:00:02]} 23. Ng5 {[%emt 0:00:03]} Bc6 {[%emt 0:00:02]} 24. c5 {[%emt 0:00:03]} h6 {[%emt 0:00:01]} 25. Nf3 {[%emt 0:00:01]} Qxa2 {[%emt 0:00:01]} 26. Nd4 {[%emt 0:00:00]} Be4 {[%emt 0:00:01]} 27. c6 {[%emt 0:00:01]} Qa4 {[%emt 0:00:02]} 28. Ne2 {[%emt 0:00:03]} Bxc6 {[%emt 0:00:03]} 29. Nc3 {[%emt 0:00:01]} Qa6 {[%emt 0:00:01]} 30. Ne2 {[%emt 0:00:03]} Qb7 {[%emt 0:00:01]} 31. Nf4 {[%emt 0:00:01]} g5 {[%emt 0:00:01]} 32. Nh5 {[%emt 0:00:00]} Re8 {[%emt 0:00:02]} 33. Qxe8+ {[%emt 0:00:01]} Bxe8 {[%emt 0:00:01]} 34. Rxe8+ {[%emt 0:00:00]} Kh7 {[%emt 0:00:00]} 35. g3 {[%emt 0:00:00]} Qf3 {[%emt 0:00:02]} 36. Nxg7 {[%emt 0:00:01]} Kxg7 {[%emt 0:00:00]} 37. Re3 {[%emt 0:00:00]} Qd5 {[%emt 0:00:01]} 38. Rce1 {[%emt 0:00:00]} a5 {[%emt 0:00:00]} 39. Re5 {[%emt 0:00:00]} Qd3 {[%emt 0:00:00]} 40. Rxa5 {[%emt 0:00:00]} Qc3 {[%emt 0:00:01]} 41. Raa1 {[%emt 0:00:00]} f4 {[%emt 0:00:01]} 42. Rad1 {[%emt 0:00:00]} f3 {[%emt 0:00:01]} 43. Rf1 {[%emt 0:00:00]} Qc8 {[%emt 0:00:00]} 44. h3 {[%emt 0:00:00]} Qxh3 {[%emt 0:00:00] Time Time Time (Lag: Av=1.03s, max=2.3s) (Lag: Av=1.03s, max=2.3s) (Lag: Av=1.03s, max=2.3s)} 0-1

[Event "Stay Safe Play From Home 406"]
[Site "Emanuel Lasker Arena"]
[Date "2020.08.24"]
[Round "7"]
[White "IceQueen"]
[Black "KING o KONG"]
[Result "1-0"]
[WhiteElo "2317"]
[BlackElo "1001"]
[PlyCount "59"]
[EventDate "2020.08.24"]
[EventType "swiss (blitz)"]

1. e4 {[%emt 0:00:01]} e6 {[%emt 0:00:01]} 2. Nc3 {[%emt 0:00:00]} d6 {[%emt 0:00:01]} 3. Nf3 {[%emt 0:00:00]} Nh6 {[%emt 0:00:01]} 4. d4 {[%emt 0:00:00]} Ng4 {[%emt 0:00:01]} 5. h3 {[%emt 0:00:01]} Nxf2 {[%emt 0:00:01]} 6. Kxf2 {[%emt 0:00:01]} b6 {[%emt 0:00:01]} 7. Bd3 {[%emt 0:00:00]} Bb7 {[%emt 0:00:01]} 8. Rf1 {[%emt 0:00:00]} Be7 {[%emt 0:00:04]} 9. Kg1 {[%emt 0:00:00]} e5 {[%emt 0:00:01]} 10. dxe5 {[%emt 0:00:01]} dxe5 {[%emt 0:00:01]} 11. Nxe5 {[%emt 0:00:00]} f6 {[%emt 0:00:02]} 12. Nf3 {[%emt 0:00:02]} Qd7 {[%emt 0:00:01]} 13. e5 {[%emt 0:00:01]} Nc6 {[%emt 0:00:04]} 14. e6 {[%emt 0:00:04]} Qxe6 {[%emt 0:00:02]} 15. Re1 {[%emt 0:00:00]} Qd7 {[%emt 0:00:02]} 16. Bc4 {[%emt 0:00:02]} O-O-O {[%emt 0:00:02]} 17. Be6 {[%emt 0:00:01]} Rhe8 {[%emt 0:00:09]} 18. Bxd7+ {[%emt 0:00:01]} Rxd7 {[%emt 0:00:01]} 19. Qe2 {[%emt 0:00:00]} Rdd8 {[%emt 0:00:04]} 20. Bf4 {[%emt 0:00:02]} Bc5+ {[%emt 0:00:02]} 21. Kh1 {[%emt 0:00:01]} Rxe2 {[%emt 0:00:01]} 22. Rxe2 {[%emt 0:00:00]} Rd7 {[%emt 0:00:05]} 23. Rd1 {[%emt 0:00:02]} Nd4 {[%emt 0:00:01]} 24. Nxd4 {[%emt 0:00:01]} Bxd4 {[%emt 0:00:01]} 25. Re8+ {[%emt 0:00:00]} Rd8 {[%emt 0:00:02]} 26. Rxd8+ {[%emt 0:00:00]} Kxd8 {[%emt 0:00:01]} 27. Rxd4+ {[%emt 0:00:00]} Kc8 {[%emt 0:00:02]} 28. Nb5 {[%emt 0:00:00]} Kb8 {[%emt 0:00:01]} 29. Nxc7 {[%emt 0:00:01]} a6 {[%emt 0:00:02]} 30. Nb5+ {[%emt 0:00:00] TimeB TimeB TimeB} 1-0

[Event "Stay Safe Play From Home 406"]
[Site "Emanuel Lasker Arena"]
[Date "2020.08.24"]
[Round "7"]
[White "MihailoVujic"]
[Black "Lamborghini"]
[Result "0-1"]
[WhiteElo "2216"]
[BlackElo "2272"]
[PlyCount "100"]
[EventDate "2020.08.24"]
[EventType "swiss (blitz)"]

1. e4 {[%emt 0:00:01]} c5 {[%emt 0:00:02]} 2. c3 {[%emt 0:00:01]} d6 {[%emt 0:00:00]} 3. Nf3 {[%emt 0:00:01]} Nf6 {[%emt 0:00:00]} 4. Be2 {[%emt 0:00:00]} g6 {[%emt 0:00:02]} 5. O-O {[%emt 0:00:03]} Bg7 {[%emt 0:00:00]} 6. Bb5+ {[%emt 0:00:00]} Bd7 {[%emt 0:00:01]} 7. Bxd7+ {[%emt 0:00:01]} Nbxd7 {[%emt 0:00:01]} 8. Re1 {[%emt 0:00:00]} O-O {[%emt 0:00:01]} 9. d4 {[%emt 0:00:00]} e6 {[%emt 0:00:00]} 10. Bg5 {[%emt 0:00:02]} h6 {[%emt 0:00:01]} 11. Bh4 {[%emt 0:00:01]} Qb6 {[%emt 0:00:01]} 12. Nbd2 {[%emt 0:00:02]} cxd4 {[%emt 0:00:01]} 13. cxd4 {[%emt 0:00:01]} Rac8 {[%emt 0:00:01]} 14. Nb3 {[%emt 0:00:01]} a5 {[%emt 0:00:01]} 15. a4 {[%emt 0:00:01]} d5 {[%emt 0:00:01]} 16. e5 {[%emt 0:00:02]} Ne4 {[%emt 0:00:01]} 17. Qe2 {[%emt 0:00:04]} Qxb3 {[%emt 0:00:02]} 18. Rad1 {[%emt 0:00:02]} Rc2 {[%emt 0:00:02]} 19. Qf1 {[%emt 0:00:01]} Nb6 {[%emt 0:00:03]} 20. Rd3 {[%emt 0:00:02]} Qxb2 {[%emt 0:00:01]} 21. h3 {[%emt 0:00:02]} Nc4 {[%emt 0:00:02]} 22. g4 {[%emt 0:00:02]} Ncd2 {[%emt 0:00:02]} 23. Nxd2 {[%emt 0:00:01]} Nxd2 {[%emt 0:00:01]} 24. Qg2 {[%emt 0:00:01]} Nc4 {[%emt 0:00:01]} 25. Rg3 {[%emt 0:00:02]} Rc1 {[%emt 0:00:01]} 26. Rxc1 {[%emt 0:00:01]} Qxc1+ {[%emt 0:00:00]} 27. Kh2 {[%emt 0:00:01]} Qd2 {[%emt 0:00:01]} 28. f4 {[%emt 0:00:02]} Qxf4 {[%emt 0:00:02]} 29. g5 {[%emt 0:00:02]} hxg5 {[%emt 0:00:02]} 30. Bxg5 {[%emt 0:00:01]} Qe4 {[%emt 0:00:00]} 31. Rf3 {[%emt 0:00:01]} f5 {[%emt 0:00:02]} 32. Bf6 {[%emt 0:00:01]} Bxf6 {[%emt 0:00:01]} 33. Qxg6+ {[%emt 0:00:01]} Bg7 {[%emt 0:00:01]} 34. Rg3 {[%emt 0:00:00]} Rf7 {[%emt 0:00:03]} 35. Qxe6 {[%emt 0:00:01]} Qe2+ {[%emt 0:00:01]} 36. Rg2 {[%emt 0:00:01]} Qf3 {[%emt 0:00:02]} 37. Qe8+ {[%emt 0:00:00]} Kh7 {[%emt 0:00:02]} 38. Qxf7 {[%emt 0:00:01]} Qf4+ {[%emt 0:00:03]} 39. Kh1 {[%emt 0:00:00]} Qc1+ {[%emt 0:00:01]} 40. Rg1 {[%emt 0:00:01]} Qh6 {[%emt 0:00:01]} 41. e6 {[%emt 0:00:01]} Nd6 {[%emt 0:00:02]} 42. Kh2 {[%emt 0:00:03]} Nxf7 {[%emt 0:00:01]} 43. exf7 {[%emt 0:00:00]} f4 {[%emt 0:00:01]} 44. f8=Q {[%emt 0:00:01]} Bxf8 {[%emt 0:00:01]} 45. Rg4 {[%emt 0:00:01]} f3 {[%emt 0:00:00]} 46. Kg3 {[%emt 0:00:01]} Bd6+ {[%emt 0:00:00]} 47. Kxf3 {[%emt 0:00:01]} Qd2 {[%emt 0:00:01]} 48. Rh4+ {[%emt 0:00:01]} Kg6 {[%emt 0:00:00]} 49. Rg4+ {[%emt 0:00:00]} Kf5 {[%emt 0:00:00]} 50. Rh4 {[%emt 0:00:00]} Ke6 {[%emt 0:00:00]} 0-1

[Event "Stay Safe Play From Home 406"]
[Site "Emanuel Lasker Arena"]
[Date "2020.08.24"]
[Round "7"]
[White "theCHESSHOUSE"]
[Black "Mepe_Nika"]
[Result "1-0"]
[WhiteElo "2067"]
[BlackElo "2431"]
[PlyCount "105"]
[EventDate "2020.08.24"]
[EventType "swiss (blitz)"]

1. d4 {[%emt 0:00:02]} d5 {[%emt 0:00:01]} 2. c4 {[%emt 0:00:00]} c6 {[%emt 0:00:00]} 3. cxd5 {[%emt 0:00:01]} cxd5 {[%emt 0:00:00]} 4. Nc3 {[%emt 0:00:00]} Nf6 {[%emt 0:00:00]} 5. Bf4 {[%emt 0:00:00]} Nc6 {[%emt 0:00:00]} 6. Rc1 {[%emt 0:00:00]} a6 {[%emt 0:00:01]} 7. Nf3 {[%emt 0:00:00]} Bf5 {[%emt 0:00:01]} 8. e3 {[%emt 0:00:00]} Rc8 {[%emt 0:00:00]} 9. Be2 {[%emt 0:00:00]} e6 {[%emt 0:00:01]} 10. O-O {[%emt 0:00:00]} Bd6 {[%emt 0:00:00]} 11. Bxd6 {[%emt 0:00:00]} Qxd6 {[%emt 0:00:00]} 12. Na4 {[%emt 0:00:00]} O-O {[%emt 0:00:01]} 13. Nc5 {[%emt 0:00:00]} Rc7 {[%emt 0:00:00]} 14. h3 {[%emt 0:00:01]} Ne4 {[%emt 0:00:02]} 15. a3 {[%emt 0:00:01]} Nxc5 {[%emt 0:00:01]} 16. Rxc5 {[%emt 0:00:02]} Rfc8 {[%emt 0:00:02]} 17. b4 {[%emt 0:00:01]} Be4 {[%emt 0:00:02]} 18. Nd2 {[%emt 0:00:02]} Bg6 {[%emt 0:00:01]} 19. Qb3 {[%emt 0:00:01]} Ne7 {[%emt 0:00:01]} 20. Rfc1 {[%emt 0:00:01]} Rxc5 {[%emt 0:00:03]} 21. bxc5 {[%emt 0:00:02]} Qc7 {[%emt 0:00:02]} 22. Qb4 {[%emt 0:00:02]} Nc6 {[%emt 0:00:01]} 23. Qc3 {[%emt 0:00:03]} f6 {[%emt 0:00:01]} 24. Rb1 {[%emt 0:00:01]} Bxb1 {[%emt 0:00:01]} 25. Nxb1 {[%emt 0:00:01]} Qa5 {[%emt 0:00:00]} 26. Qb2 {[%emt 0:00:01]} b5 {[%emt 0:00:04]} 27. cxb6 {[%emt 0:00:02]} Rb8 {[%emt 0:00:00]} 28. Qc2 {[%emt 0:00:02]} Qxb6 {[%emt 0:00:01]} 29. Nd2 {[%emt 0:00:01]} Kf7 {[%emt 0:00:03]} 30. Qxh7 {[%emt 0:00:03]} Qb2 {[%emt 0:00:02]} 31. Bh5+ {[%emt 0:00:01]} Kf8 {[%emt 0:00:05]} 32. Qh8+ {[%emt 0:00:01]} Ke7 {[%emt 0:00:00]} 33. Qxg7+ {[%emt 0:00:00]} Kd6 {[%emt 0:00:01]} 34. Nf3 {[%emt 0:00:04]} Qb1+ {[%emt 0:00:04]} 35. Kh2 {[%emt 0:00:01]} Qf5 {[%emt 0:00:02]} 36. Bg4 {[%emt 0:00:03]} Qc2 {[%emt 0:00:04]} 37. Qxf6 {[%emt 0:00:02]} Qxf2 {[%emt 0:00:02]} 38. Qxe6+ {[%emt 0:00:01]} Kc7 {[%emt 0:00:01]} 39. Qxd5 {[%emt 0:00:04]} Qxe3 {[%emt 0:00:01]} 40. Qd7+ {[%emt 0:00:03]} Kb6 {[%emt 0:00:01]} 41. d5 {[%emt 0:00:01]} Ne5 {[%emt 0:00:01]} 42. Qd6+ {[%emt 0:00:02]} Ka7 {[%emt 0:00:01]} 43. Qc7+ {[%emt 0:00:01]} Rb7 {[%emt 0:00:01]} 44. Qxe5 {[%emt 0:00:01]} Qxa3 {[%emt 0:00:01]} 45. Qd4+ {[%emt 0:00:01]} Ka8 {[%emt 0:00:01]} 46. d6 {[%emt 0:00:00]} Qb4 {[%emt 0:00:00]} 47. d7 {[%emt 0:00:00]} Qxd4 {[%emt 0:00:01]} 48. Nxd4 {[%emt 0:00:00]} Rxd7 {[%emt 0:00:00]} 49. Bxd7 {[%emt 0:00:00]} Ka7 {[%emt 0:00:00]} 50. Bc6 {[%emt 0:00:00]} Kb6 {[%emt 0:00:00]} 51. Bd5 {[%emt 0:00:00]} a5 {[%emt 0:00:00]} 52. Ba2 {[%emt 0:00:00]} Kc5 {[%emt 0:00:00]} 53. Nc2 {[%emt 0:00:00] Time Time Time (Lag: Av=0.70s, max=1.2s) (Lag: Av=0.70s, max=1.2s) (Lag: Av=0.70s, max=1.2s)} 1-0